| 000 | 00637nam a2200217 a 4500 | ||
|---|---|---|---|
| 001 | 2514211 | ||
| 005 | 20180126073300.0 | ||
| 008 | 920728s1992 enka 001 0 eng | ||
| 010 | _a 92192071 | ||
| 020 |
_a0706370589 : _c$24.95 |
||
| 040 |
_aDLC _cDLC |
||
| 041 | _aeng | ||
| 080 | _a932 myl635. | ||
| 082 | 0 | 0 |
_a932 myl635. _220 |
| 100 | 1 | _a9 | |
| 101 | _amje | ||
| 245 | 1 | 0 |
_aLarge-leaved perennials / _cMyles Challis. |
| 906 |
_a7 _bcbc _corignew _d2 _encip _f19 _gy-gencatlg |
||
| 942 |
_2ddc _cBK |
||
| 999 |
_c40993 _d40993 |
||